000 00628nam a2200229Ia 4500
003 OSt
005 20220926024725.0
006 a|||||r|||| 00| 0
007 ta
008 220923b |||||||| |||| 00| 0 eng d
037 _cGeneral Book
040 _aRTL
_cRTL
_beng
041 _2eng
_aeng
082 _aX:3M.58, K9
100 _aWalicki A
_9331378
245 0 _aControversy over capitalism
_b Studies in the social
260 _aOxford
_bClarendon Press
_c1969
300 _a197p
_ccm.
650 _aSocialism
_936676
942 _hX:3M.58, K9
_cGB
_2CC
999 _c645348
_d645348